Statistics for Bitter Sweet Symphony - The Verve (All Lyrics

Click here to take the quiz!

General Stats

  • This quiz has been taken 43 times
    (42 since last reset)
  • The average score is 265 of 357

Answer Stats

Lyric% Correct
a
100%
I
97%
it
97%
it's
94%
It's
94%
to
94%
life
91%
No
91%
no
91%
on
91%
symphony
91%
the
91%
my
88%
can
85%
one
85%
that
85%
you
85%
You
85%
bittersweet
82%
Cause
82%
change
82%
ever
79%
in
79%
I've
79%
me
79%
then
79%
been
76%
can't
76%
down?
76%
down
76%
only
76%
people
76%
road
76%
yeah
76%
and
73%
But
73%
but
73%
hear
73%
I'm
73%
you're
73%
from
70%
here
70%
I'll
70%
that's
70%
day
67%
die
67%
know
67%
money
67%
next
67%
slave
67%
all
64%
different
64%
make
64%
million
64%
take
64%
meet
61%
places
61%
Tryna
61%
tryna
61%
where
61%
am
58%
now
58%
takes
58%
feel
55%
mind
55%
ends
52%
Have
52%
free
48%
Well
48%
melody
45%
need
45%
clean
42%
cleanse
42%
just
42%
let
42%
mold
42%
never
42%
oh
42%
pain
42%
some
42%
sounds
42%
there's
42%
are
39%
recognize
39%
shine
39%
tonight
39%
knees
36%
nobody
36%
prayed
36%
singin'
30%
veins
30%
airwaves
27%
sex
24%
silence
24%
violence
24%
find
21%
somebody
18%

Score Distribution

Percentile by Number Answered

Percent of People with Each Score

Your Score History

You have not taken this quiz since the last reset